Регионална библиотека "Любен Каравелов" - Русе

Литературен живот между двете войни (Запис номер 10802)

MARC детайли
000 -Лидер
Контролно поле с фиксирана дължина 01613nam a2200373 c 4500
003 - Код на организацията, давaща контролен номер
Контролно поле BLK
005 - Дата и час на последна редакция
Контролно поле 20240623004052.0
008 - Елементи от данни с фиксирана дължина
fixed length control field 180412b bul|||||r ||||||| ||bul||
010 ## - Наследен системен номер
LC control number KNG00012312000
020 ## - Международен стандартен номер на книга ISBN
Международен стандартен номер на книга ISBN 954-604-027-4
-- издат.: Иван Вазов - на том(кн. 2)
040 ## - Източник на каталожния запис
Идентификатор на билиотеката - собственик на записа BLK
041 ## - Код за език
Код за езика на текст/звукозапис или на отделно заглавие Български
Код за езика КДБФ Български
080 ## - УДК
Текстов определител УДК Българска литература
УДК код - определител по УДК 821.163.2
УДК определител .09
УДК - код + определител 821.163.2.09
080 ## - УДК
Текстов определител УДК Българска литература
УДК код - определител по УДК 821.163.2
УДК определител .015
УДК - код + определител 821.163.2.015
100 1# - Редна дума - Автор
Автор Ликова, Розалия Николова
Авторска отговорност първи автор
R(LIN) 243652
139 ## - Редно поле
Редна дума Ликова, Розалия Николова
Авторски знак Лик - Л 57
245 10 - Сведения за заглавието
Заглавие Литературен живот между двете войни
Подзаглавни данни Кн. 1 - 2
Редно поле (дума) Розалия Николова Ликова.
Том Кн. 2
257 ## - Страна на издаване
Страна на създаване/издаване България
260 ## - Област на издателските данни
-- София
Година на издаване 1995 - 1996
300 ## - Физическа характеристика
Размери/Мащаб 20 см
380 ## - Жанр
Жанр Литературознание
650 #4 - Допълнително описание по предмет – тема
Основно описание – тема или топоним Литературен живот - България - история
9 (RLIN) 253439
650 #4 - Допълнително описание по предмет – тема
Основно описание – тема или топоним Модернизъм - в българската литература
9 (RLIN) 245005
650 #0 - Допълнително описание по предмет – тема
Основно описание – тема или топоним Писатели, български
9 (RLIN) 241944
653 ## - Ключова дума – ненормативна
Ключова дума българска литература
653 ## - Ключова дума – ненормативна
Ключова дума български писатели
760 1# - Описание на основната серия
-- - на том(кн. 2)
Редна дума на основното описание Ликова, Розалия Николова
Място на издаване, издател и година Иван Вазов, 1996
Страници - том 447 с.
Заглавие Кн. 2
852 ## - Местоположение
Форматна сигнатура Цб 184335
856 4# - Електронен адрес и достъп
Електронен формат pdf - файл
Път до файла /url/
856 4# - Електронен адрес и достъп
Електронен формат pdf - файл
Път до файла /url/
942 ## - АРТИКУЛИ
Вид на библиотечния материал Книги
Скрит в OPAC Не
Koha issues (borrowed), all copies 3
944 ## - СЪЗДАВАНЕ И РЕДАКЦИЯ на ЗАПИСА
Създаване/Редакция Създаване
Дата на регистрацията/редакция 15.01.2003
Служител, извършил регистрацията/редакцията
Статус, дата на статуса CRON CRON
944 ## - СЪЗДАВАНЕ И РЕДАКЦИЯ на ЗАПИСА
Създаване/Редакция Редакция
Дата на регистрацията/редакция 25.08.2015
Служител, извършил регистрацията/редакцията Геновева_Генчева
999 ## - СИСТЕМНИ КОНТРОЛНИ НОМЕРА
Koha biblionumber 10802
Koha biblioitemnumber 10802
Наличности
Код за отписване Код за изгубен артикул Източник на класификационната схема Код за повреда Коз за рестрикции Код за отдаване Артикулен № Име на библиотеката - собственик Име на библиотеката, в която се намира в момента Статус (Текущо местоположение) Дата на вписване в системата Местоположение - отдел Цена в лева Инвентарен номер Систематично азбучна сигнатура Баркод Номер на екземпляра Цена в евро Служебна бележка Служебен тип на артикула
  Не е изгубен Universal Decimal Classification Не е повреден без рестрикции ползва се в читалня 18722 Регионална библиотека "Любен Каравелов" Русе Регионална библиотека "Любен Каравелов" Русе Хранилище 1996-01-01 Хранилище 1.62 622596 Цб 184335 120000622596 1 0.83 Дост: Dp Вид: Д N: 16 Дата: 01.01.1996 Книги
  Не е изгубен Universal Decimal Classification Не е повреден без рестрикции ползва се в читалня 18723 Регионална библиотека "Любен Каравелов" Русе Регионална библиотека "Любен Каравелов" Русе Читалня 1996-01-01 Читалня 1.62 622661 Ч 821.163.2.09/Л 57 120000622661 2 0.83 Дост: Pk Вид: Ф N: стар фонд Дата: 01.01.1996 Дата инв: 27.03.2017 Бележки инв: Ч2017 Книги
  Не е изгубен Universal Decimal Classification Не е повреден без рестрикции заемане за дома 18724 Регионална библиотека "Любен Каравелов" Русе Регионална библиотека "Любен Каравелов" Русе Заемна - подръчен фонд 1996-01-01 Заемна - подръчен фонд 1.62 622662 821.163.2.09/Л 57 Р 120000622662 3 0.83 Дост: Pk Вид: Ф N: стар фонд Дата: 01.01.1996 Дата инв: 08.02.2018 Бележки инв: П2018 Книги
Изтеглен Не е изгубен Universal Decimal Classification Не е повреден без рестрикции заемане за дома 18725 Регионална библиотека "Любен Каравелов" Русе Регионална библиотека "Любен Каравелов" Русе Заемна - подръчен фонд 1996-01-01 Заемна - подръчен фонд 1.62 622663 П 886.7/Л 57 622663 4 0.83 Дост: Pk Вид: Ф N: стар фонд Дата: 01.01.1996 Книги
Vip Innovations Ltd, Rousse, Bulgaria 2025